| 000 | 00854nam a22002417a 4500 | ||
|---|---|---|---|
| 999 |
_c14796 _d14796 |
||
| 003 | AR-CdUCM | ||
| 008 | 190415b ||||| |||| 00| 0 spa d | ||
| 020 | _a978-9972-59-617-9 | ||
| 040 |
_aMUNICIPALIDAD PROVINCIAL DEL CUSCO _cBIBLIOTECA MUNICIPAL DEL CUSCO |
||
| 082 |
_aEP / 803 / _bZ95 |
||
| 100 |
_aZúñiga Rivera, Daniel. _933634 |
||
| 245 |
_aEl cancerbero : _bLa profanación del infierno (mitología griega) / |
||
| 260 |
_aLima : _bCorporación gráfica Navarrete S.A., _c2015. |
||
| 300 |
_a46 páginas ; _c21 cm. |
||
| 440 |
_aSeres mitológicos del mundo. _n1 _933694 |
||
| 500 | _aYo leo plan lector. | ||
| 505 | _aContenido :El cancerbero, la profanación del infierno . | ||
| 650 |
_aHistorietas _910786 |
||
| 650 |
_aCuentos _9217 |
||
| 700 |
_aAyala, Gabriel y Mateo. _931779 |
||
| 942 |
_2ddc _cLIBROS |
||
| 945 |
_arum _d2019-04-24 |
||